| 000 | 00577pam a2200217 a 4500 | ||
|---|---|---|---|
| 020 | _a0849369118 | ||
| 040 | _cDLC | ||
| 082 | 0 | 0 | _a362 CRC 1988 A011 Or. |
| 100 | 1 | _aBrown, J. H. U. | |
| 245 | 1 | 0 | _aImproving productivity in health care / |
| 260 |
_aBoca Raton, Fla. : _bCRC Press, _cc1988. |
||
| 300 |
_a218 p. : _bill. ; _c27 cm. |
||
| 500 | _aIncludes index. | ||
| 650 | 0 | _aMedical care | |
| 650 | 0 | _aMedical care | |
| 650 | 2 | _aDelivery of Health Care | |
| 650 | 2 | _aDelivery of Health Care | |
| 650 | 2 | _aEfficiency. | |
| 700 | 1 | _aComola, Jacqueline. | |
| 942 | _cEK | ||
| 999 |
_c13459 _d13459 |
||